[Event "DEM U12 2020"]
[Site "Willingen GER"]
[Date "2020.10.27"]
[Round "1"]
[White "von Mettenheim, Johannes"]
[Black "Honisch, Alexander"]
[Result "1-0"]
[Termination "normal"]
[Board "2"]
[WhiteElo "1995"]
[BlackElo "1667"]
[WhiteClock "01:08:33"]
[BlackClock "00:31:58"]
[PlyCount "97"]
[WhiteFideId "16244818"]
[BlackFideId "16298594"]
[EventCountry "GER"]
[EventRounds "7"]
[EventType "swiss"]
[EventDate "2020.10.26"]

1. d4 {[%clk 1:30:58]} Nf6 {[%clk 1:30:32]} 2. c4 {[%clk 1:31:26]} g6 {[%clk
1:30:18]} 3. Nc3 {[%clk 1:31:44]} Bg7 {[%clk 1:30:13]} 4. e4 {[%clk 1:32:08]}
d6 {[%clk 1:30:13]} 5. Be2 {[%clk 1:32:12]} O-O {[%clk 1:29:46]} 6. Bg5 {[%clk
1:32:22]} c5 {[%clk 1:29:01]} 7. d5 {[%clk 1:32:42]} e6 {[%clk 1:25:40]} 8. Qd2
{[%clk 1:31:41]} exd5 {[%clk 1:24:00]} 9. Nxd5 {[%clk 1:29:31]} Nc6 {[%clk
1:22:20]} 10. Qf4 {[%clk 1:12:03]} Qa5+ {[%clk 1:10:37]} 11. Kf1 {[%clk
1:11:20]} Nxd5 {[%clk 1:04:40]} 12. cxd5 {[%clk 1:09:57]} Be5 {[%clk 0:56:39]}
13. Qd2 {[%clk 1:07:51]} Qxd2 {[%clk 0:56:16]} 14. Bxd2 {[%clk 1:08:14]} Nd4
{[%clk 0:55:54]} 15. Bc3 {[%clk 1:06:21]} f5 {[%clk 0:51:04]} 16. Bd3 {[%clk
0:59:22]} fxe4 {[%clk 0:48:48]} 17. Bxe4 {[%clk 0:59:44]} b5 {[%clk 0:48:13]}
18. Nf3 {[%clk 0:55:51]} Nxf3 {[%clk 0:45:29]} 19. gxf3 {[%clk 0:56:15]} Bh3+
{[%clk 0:43:42]} 20. Ke2 {[%clk 0:56:27]} Bxc3 {[%clk 0:36:38]} 21. bxc3 {[%clk
0:56:52]} Rae8 {[%clk 0:33:51]} 22. Rhg1 {[%clk 0:53:01]} Rf4 {[%clk 0:32:05]}
23. Rae1 {[%clk 0:47:57]} Bf5 {[%clk 0:28:56]} 24. Ke3 {[%clk 0:47:59]} Rh4
{[%clk 0:29:11]} 25. Kd3 {[%clk 0:47:16]} Bxe4+ {[%clk 0:28:49]} 26. Rxe4
{[%clk 0:47:25]} Rexe4 {[%clk 0:28:39]} 27. fxe4 {[%clk 0:47:51]} Rxh2 {[%clk
0:26:51]} 28. Ke3 {[%clk 0:48:13]} Rh3+ {[%clk 0:19:34]} 29. f3 {[%clk
0:48:37]} Rh2 {[%clk 0:19:33]} 30. Rb1 {[%clk 0:41:48]} Rxa2 {[%clk 0:11:53]}
31. Rxb5 {[%clk 0:42:13]} h5 {[%clk 0:09:57]} 32. Rb8+ {[%clk 0:40:52]} Kg7
{[%clk 0:09:58]} 33. e5 {[%clk 0:40:33]} Ra6 {[%clk 0:04:30]} 34. e6 {[%clk
0:40:40]} Rb6 {[%clk 0:04:36]} 35. Rd8 {[%clk 0:40:53]} Kf6 {[%clk 0:04:26]}
36. Rd7 {[%clk 0:35:29]} Rb8 {[%clk 0:04:13]} 37. f4 {[%clk 0:35:41]} Rf8
{[%clk 0:04:06]} 38. Rxd6 {[%clk 0:34:48]} g5 {[%clk 0:00:33]} 39. fxg5+ {[%clk
0:34:55]} Kxg5 {[%clk 0:00:41]} 40. e7 {[%clk 0:35:18]} Re8 {[%clk 0:00:56]}
41. Re6 {[%clk 0:35:17]} Kf5 {[%clk 0:01:09]} 42. Re4 {[%clk 0:35:37]} h4
{[%clk 0:30:14]} 43. d6 {[%clk 1:06:24]} h3 {[%clk 0:30:33]} 44. d7 {[%clk
1:06:49]} h2 {[%clk 0:30:55]} 45. dxe8=Q {[%clk 1:07:13]} h1=Q {[%clk 0:31:09]}
46. Qf7+ {[%clk 1:07:28]} Kg5 {[%clk 0:31:33]} 47. Qf4+ {[%clk 1:07:47]} Kg6
{[%clk 0:31:44]} 48. e8=Q+ {[%clk 1:08:10]} Kh7 {[%clk 0:31:58]} 49. Re7#
{[%clk 1:08:33]} 1-0

[Event "DEM U12 2020"]
[Site "Willingen GER"]
[Date "2020.10.27"]
[Round "1"]
[White "Kempe, Caius Emilian"]
[Black "Weyerer, Noah"]
[Result "1-0"]
[Termination "normal"]
[Board "4"]
[WhiteElo "1840"]
[BlackElo "1536"]
[WhiteClock "00:16:52"]
[BlackClock "00:37:52"]
[PlyCount "113"]
[WhiteFideId "16246861"]
[BlackFideId "16250664"]
[EventCountry "GER"]
[EventRounds "7"]
[EventType "swiss"]
[EventDate "2020.10.26"]

1. e4 {[%clk 1:30:55]} e6 {[%clk 1:30:43]} 2. d4 {[%clk 1:31:17]} d5 {[%clk
1:31:06]} 3. Bd3 {[%clk 1:31:38]} Nf6 {[%clk 1:31:22]} 4. e5 {[%clk 1:31:59]}
Nfd7 {[%clk 1:31:22]} 5. f4 {[%clk 1:32:10]} c5 {[%clk 1:31:25]} 6. c3 {[%clk
1:32:12]} Nc6 {[%clk 1:30:54]} 7. Nf3 {[%clk 1:32:30]} Be7 {[%clk 1:29:01]} 8.
O-O {[%clk 1:32:34]} cxd4 {[%clk 1:26:54]} 9. cxd4 {[%clk 1:32:35]} O-O {[%clk
1:24:22]} 10. Kh1 {[%clk 1:26:31]} Nb4 {[%clk 1:20:39]} 11. Be2 {[%clk
1:24:40]} f5 {[%clk 1:14:26]} 12. Nc3 {[%clk 1:18:39]} a6 {[%clk 1:13:20]} 13.
a3 {[%clk 1:16:37]} Nc6 {[%clk 1:13:22]} 14. Be3 {[%clk 1:14:14]} b5 {[%clk
1:11:52]} 15. Rc1 {[%clk 1:13:11]} Na5 {[%clk 1:09:48]} 16. Nd2 {[%clk
1:05:21]} Nb6 {[%clk 1:07:44]} 17. Rf3 {[%clk 0:57:43]} Nac4 18. Nxc4 {[%clk
0:57:43]} Nxc4 {[%clk 1:06:00]} 19. Bxc4 {[%clk 0:51:04]} bxc4 {[%clk 1:06:16]}
20. Rh3 {[%clk 0:51:04]} g6 {[%clk 1:04:43]} 21. Na4 {[%clk 0:46:13]} Bd7
{[%clk 1:03:15]} 22. Nc5 {[%clk 0:46:01]} Bxc5 {[%clk 1:03:15]} 23. dxc5 {[%clk
0:46:01]} Rb8 {[%clk 0:57:45]} 24. Bd4 {[%clk 0:44:27]} Qa5 {[%clk 0:56:58]}
25. Rg3 {[%clk 0:42:17]} Ba4 {[%clk 0:54:26]} 26. Qe2 {[%clk 0:41:03]} Rf7
{[%clk 0:53:05]} 27. h4 {[%clk 0:39:46]} Rb3 {[%clk 0:51:57]} 28. Rxb3 {[%clk
0:39:10]} Bxb3 {[%clk 0:51:47]} 29. Rc3 {[%clk 0:39:06]} Qa4 {[%clk 0:50:50]}
30. Rc1 {[%clk 0:36:48]} Rb7 {[%clk 0:44:30]} 31. Qd2 {[%clk 0:32:18]} Qb5
{[%clk 0:38:11]} 32. Kh2 {[%clk 0:30:54]} Ba4 {[%clk 0:35:47]} 33. Qf2 {[%clk
0:25:50]} Qc6 {[%clk 0:34:44]} 34. Qd2 {[%clk 0:11:33]} Rb3 {[%clk 0:33:03]}
35. Rc3 {[%clk 0:11:05]} Rb5 {[%clk 0:29:43]} 36. Rg3 {[%clk 0:10:19]} Qc7
{[%clk 0:25:57]} 37. Rh3 {[%clk 0:04:18]} Qa5 {[%clk 0:22:52]} 38. Bc3 {[%clk
0:00:34]} Qc7 {[%clk 0:22:59]} 39. Bd4 {[%clk 0:00:34]} Qa5 {[%clk 0:22:59]}
40. Bc3 {[%clk 0:00:34]} Qc7 {[%clk 0:22:59]} 41. h5 {[%clk 0:00:34]} Qxc5
{[%clk 0:22:59]} 42. hxg6 {[%clk 0:00:34]} hxg6 {[%clk 0:22:59]} 43. Bb4 {[%clk
0:00:34]} Qa7 {[%clk 0:22:59]} 44. Qe1 {[%clk 0:00:34]} Qg7 {[%clk 0:22:59]}
45. Qh4 {[%clk 0:00:34]} Rb8 {[%clk 0:22:59]} 46. Be7 {[%clk 0:16:18]} Kf7
{[%clk 0:38:03]} 47. Bf6 {[%clk 0:15:09]} Qg8 {[%clk 0:37:54]} 48. Qh7+ {[%clk
0:15:00]} Qxh7 {[%clk 0:37:42]} 49. Rxh7+ {[%clk 0:15:29]} Ke8 {[%clk 0:37:04]}
50. Rh8+ {[%clk 0:15:47]} Kd7 {[%clk 0:37:28]} 51. Rxb8 {[%clk 0:15:55]} Kc7
{[%clk 0:37:19]} 52. Rd8 {[%clk 0:15:52]} Bd7 {[%clk 0:37:30]} 53. Kg1 {[%clk
0:16:00]} d4 {[%clk 0:37:52]} 54. Kf2 {[%clk 0:16:00]} c3 {[%clk 0:37:52]} 55.
bxc3 {[%clk 0:16:00]} dxc3 {[%clk 0:37:52]} 56. Ke2 {[%clk 0:16:00]} Bb5+
{[%clk 0:37:52]} 57. Kd1 {[%clk 0:16:52]} 1-0

[Event "DEM U12 2020"]
[Site "Willingen GER"]
[Date "2020.10.27"]
[Round "1"]
[White "Möller, Maurin"]
[Black "Kieselbach, Jannik"]
[Result "0-1"]
[Termination "normal"]
[Board "6"]
[WhiteElo "1645"]
[BlackElo "1453"]
[WhiteClock "01:21:07"]
[BlackClock "00:29:32"]
[PlyCount "150"]
[WhiteFideId "16265696"]
[BlackFideId "16246403"]
[EventCountry "GER"]
[EventRounds "7"]
[EventType "swiss"]
[EventDate "2020.10.26"]

1. e4 {[%clk 1:30:56]} e6 {[%clk 1:30:50]} 2. d4 {[%clk 1:31:16]} d5 {[%clk
1:31:14]} 3. Nd2 {[%clk 1:31:36]} c5 {[%clk 1:31:31]} 4. c3 {[%clk 1:26:29]}
Nc6 5. exd5 exd5 {[%clk 1:27:23]} 6. Ndf3 {[%clk 1:23:15]} cxd4 {[%clk
1:09:13]} 7. Nxd4 {[%clk 1:20:48]} Nxd4 {[%clk 1:06:11]} 8. Qxd4 {[%clk
1:20:32]} Ne7 {[%clk 1:04:37]} 9. Nf3 {[%clk 1:19:54]} f6 {[%clk 0:59:23]} 10.
Bb5+ {[%clk 1:18:24]} Bd7 {[%clk 0:59:12]} 11. Bxd7+ {[%clk 1:18:46]} Qxd7
{[%clk 0:59:29]} 12. O-O {[%clk 1:18:53]} Nc6 {[%clk 0:58:32]} 13. Re1+ {[%clk
1:18:49]} Be7 {[%clk 0:57:46]} 14. Qa4 {[%clk 1:17:50]} O-O {[%clk 0:55:20]}
15. Nd4 {[%clk 1:17:00]} Rfe8 {[%clk 0:50:04]} 16. Be3 {[%clk 1:16:07]} Bd6
{[%clk 0:43:47]} 17. Qb5 {[%clk 1:15:16]} Kh8 {[%clk 0:41:58]} 18. g3 {[%clk
1:15:07]} Be5 {[%clk 0:33:25]} 19. Rad1 {[%clk 1:14:09]} Rad8 {[%clk 0:32:12]}
20. Nb3 {[%clk 1:12:50]} b6 {[%clk 0:23:56]} 21. Nd4 {[%clk 0:57:22]} Nxd4
{[%clk 0:22:06]} 22. Qxd7 {[%clk 0:56:29]} Nf3+ {[%clk 0:22:02]} 23. Kh1 {[%clk
0:56:19]} Rxd7 {[%clk 0:22:12]} 24. Re2 {[%clk 0:56:39]} Bc7 {[%clk 0:20:23]}
25. h4 {[%clk 0:55:32]} g5 {[%clk 0:18:35]} 26. hxg5 {[%clk 0:53:46]} Nxg5
{[%clk 0:17:53]} 27. c4 {[%clk 0:53:42]} Kg7 {[%clk 0:09:46]} 28. cxd5 {[%clk
0:53:46]} Red8 {[%clk 0:08:43]} 29. Rc2 {[%clk 0:53:29]} Nf7 {[%clk 0:07:53]}
30. Kg2 {[%clk 0:53:09]} Bb8 {[%clk 0:07:29]} 31. Rcd2 {[%clk 0:53:01]} Ne5
{[%clk 0:07:31]} 32. Rd4 {[%clk 0:52:15]} Bd6 {[%clk 0:07:19]} 33. b4 {[%clk
0:50:29]} Rc7 {[%clk 0:07:25]} 34. Bf4 {[%clk 0:48:42]} Ng6 {[%clk 0:06:45]}
35. Bxd6 {[%clk 0:47:41]} Rxd6 {[%clk 0:07:05]} 36. f4 {[%clk 0:46:53]} Rc2+
{[%clk 0:06:36]} 37. R1d2 {[%clk 0:45:49]} Rxd2+ {[%clk 0:06:53]} 38. Rxd2
{[%clk 0:46:12]} Ne7 {[%clk 0:06:52]} 39. Re2 {[%clk 0:46:07]} Kf7 {[%clk
0:06:56]} 40. Kf3 {[%clk 0:45:26]} Rxd5 {[%clk 0:06:55]} 41. Re3 {[%clk
0:45:27]} f5 {[%clk 0:05:32]} 42. Rc3 {[%clk 0:45:49]} Rd7 {[%clk 0:04:11]} 43.
a3 {[%clk 0:45:56]} h5 {[%clk 0:03:08]} 44. Rb3 {[%clk 0:45:28]} Nd5 {[%clk
0:02:20]} 45. Rd3 {[%clk 0:45:46]} Ke6 {[%clk 0:02:20]} 46. Rd1 {[%clk
0:45:49]} Rc7 {[%clk 0:29:19]} 47. Re1+ {[%clk 1:16:43]} Kf6 {[%clk 0:29:07]}
48. Ra1 {[%clk 1:16:57]} Rc3+ {[%clk 0:29:01]} 49. Kf2 {[%clk 1:17:18]} Rc2+
{[%clk 0:28:54]} 50. Kf3 {[%clk 1:17:43]} Ke6 {[%clk 0:28:51]} 51. Re1+ {[%clk
1:18:05]} Kd6 {[%clk 0:28:53]} 52. Re5 {[%clk 1:17:11]} Rc3+ {[%clk 0:29:03]}
53. Kf2 {[%clk 1:17:28]} Ne7 {[%clk 0:28:25]} 54. a4 {[%clk 1:17:37]} Rb3
{[%clk 0:28:07]} 55. Rb5 {[%clk 1:17:49]} Nd5 {[%clk 0:27:43]} 56. Kg2 {[%clk
1:16:42]} Rxb4 {[%clk 0:27:38]} 57. Rxb4 {[%clk 1:16:35]} Nxb4 {[%clk 0:27:55]}
58. Kh3 {[%clk 1:16:58]} Nd5 {[%clk 0:28:09]} 59. Kh4 {[%clk 1:16:58]} Ne3
{[%clk 0:28:24]} 60. Kxh5 {[%clk 1:16:55]} a6 {[%clk 0:28:44]} 61. Kg5 {[%clk
1:16:22]} b5 {[%clk 0:27:23]} 62. g4 {[%clk 1:16:37]} fxg4 {[%clk 0:27:34]} 63.
Kh4 {[%clk 1:16:58]} b4 {[%clk 0:27:14]} 64. f5 {[%clk 1:17:23]} Nxf5+ {[%clk
0:27:29]} 65. Kxg4 {[%clk 1:17:45]} Ne7 {[%clk 0:27:45]} 66. Kf4 {[%clk
1:18:11]} b3 {[%clk 0:28:06]} 67. Ke3 {[%clk 1:18:37]} b2 {[%clk 0:28:23]} 68.
Kd2 {[%clk 1:19:03]} b1=Q {[%clk 0:28:35]} 69. a5 {[%clk 1:19:25]} Qe4 {[%clk
0:28:50]} 70. Kc3 {[%clk 1:19:43]} Nd5+ {[%clk 0:28:57]} 71. Kb3 {[%clk
1:20:07]} Qd3+ {[%clk 0:28:42]} 72. Kb2 {[%clk 1:19:57]} Nb4 {[%clk 0:28:53]}
73. Ka1 {[%clk 1:20:15]} Qd2 {[%clk 0:29:02]} 74. Kb1 {[%clk 1:20:40]} Qc2+
{[%clk 0:29:19]} 75. Ka1 {[%clk 1:21:07]} Qa2# {[%clk 0:29:32]} 0-1

[Event "DEM U12 2020"]
[Site "Willingen GER"]
[Date "2020.10.27"]
[Round "1"]
[White "Sommer, Justus"]
[Black "Werner, Florin"]
[Result "1-0"]
[Termination "normal"]
[Board "14"]
[WhiteElo "1845"]
[BlackElo "1481"]
[WhiteClock "00:46:26"]
[BlackClock "00:38:49"]
[PlyCount "101"]
[WhiteFideId "16245008"]
[BlackFideId "16250230"]
[EventCountry "GER"]
[EventRounds "7"]
[EventType "swiss"]
[EventDate "2020.10.26"]

1. e4 {[%clk 1:30:20]} e6 {[%clk 1:30:39]} 2. d4 {[%clk 1:30:39]} d5 {[%clk
1:30:54]} 3. Nc3 {[%clk 1:30:53]} Nf6 {[%clk 1:31:05]} 4. Bg5 {[%clk 1:30:58]}
Be7 {[%clk 1:31:21]} 5. exd5 {[%clk 1:31:12]} exd5 {[%clk 1:31:38]} 6. Bd3
{[%clk 1:31:07]} c6 {[%clk 1:31:08]} 7. Nf3 {[%clk 1:30:55]} h6 {[%clk
1:27:08]} 8. Bh4 {[%clk 1:29:59]} Bg4 {[%clk 1:23:45]} 9. O-O {[%clk 1:29:21]}
O-O {[%clk 1:23:30]} 10. Re1 {[%clk 1:28:04]} Bd6 {[%clk 1:23:05]} 11. Nb1
{[%clk 1:25:26]} Nbd7 {[%clk 1:22:30]} 12. Nbd2 {[%clk 1:23:30]} Qc7 {[%clk
1:22:32]} 13. Nf1 {[%clk 1:22:52]} Rfe8 {[%clk 1:20:52]} 14. Rxe8+ {[%clk
1:22:05]} Rxe8 {[%clk 1:21:13]} 15. Bg3 {[%clk 1:21:59]} Ne4 {[%clk 1:19:05]}
16. Bxd6 {[%clk 1:21:09]} Qxd6 {[%clk 1:19:16]} 17. Ne3 {[%clk 1:20:55]} Ndf6
{[%clk 1:11:25]} 18. h3 {[%clk 1:17:35]} Bh5 {[%clk 1:06:28]} 19. g4 {[%clk
1:15:11]} Bg6 {[%clk 1:04:38]} 20. Ne5 {[%clk 1:13:47]} c5 {[%clk 0:56:26]} 21.
Nxg6 {[%clk 1:09:08]} fxg6 22. Bxe4 {[%clk 1:08:11]} Rxe4 {[%clk 0:54:06]} 23.
dxc5 {[%clk 1:05:43]} Qxc5 {[%clk 0:54:25]} 24. Qd3 Rd4 {[%clk 0:51:52]} 25.
Qxg6 {[%clk 1:04:00]} Rd2 {[%clk 0:51:37]} 26. Rf1 Ne4 {[%clk 0:48:08]} 27. Nf5
{[%clk 1:01:33]} Qf8 {[%clk 0:48:20]} 28. Nxh6+ {[%clk 0:55:40]} Kh8 {[%clk
0:49:04]} 29. Nf7+ {[%clk 0:55:27]} Kg8 {[%clk 0:44:21]} 30. Ng5 {[%clk
0:53:25]} Qf6 {[%clk 0:44:37]} 31. Qe8+ {[%clk 0:53:44]} Qf8 {[%clk 0:44:57]}
32. Qe6+ {[%clk 0:53:33]} Kh8 {[%clk 0:44:11]} 33. Nxe4 {[%clk 0:53:40]} dxe4
{[%clk 0:43:26]} 34. Qxe4 {[%clk 0:50:59]} Qf6 {[%clk 0:42:24]} 35. Qxb7 {[%clk
0:50:35]} Rxc2 {[%clk 0:42:02]} 36. Qa8+ {[%clk 0:50:35]} Kh7 {[%clk 0:42:02]}
37. Qe4+ {[%clk 0:51:24]} Qg6 38. Qxg6+ {[%clk 0:51:24]} Kxg6 {[%clk 0:42:51]}
39. Rb1 {[%clk 0:51:10]} Kg5 {[%clk 0:43:22]} 40. Kg2 {[%clk 0:47:53]} Kf4
{[%clk 0:43:36]} 41. a4 {[%clk 0:48:12]} a5 {[%clk 0:42:51]} 42. b4 {[%clk
0:46:06]} Rc4 {[%clk 0:42:22]} 43. b5 Rc8 {[%clk 0:42:49]} 44. b6 {[%clk
0:46:14]} Rb8 {[%clk 0:43:02]} 45. Rb5 {[%clk 0:46:16]} g6 46. b7 {[%clk
0:46:11]} g5 {[%clk 0:39:05]} 47. f3 {[%clk 0:45:40]} Ke3 {[%clk 0:38:14]} 48.
Kg3 {[%clk 0:45:40]} Ke2 {[%clk 0:38:14]} 49. f4 {[%clk 0:45:40]} Rf8 {[%clk
0:38:14]} 50. b8=Q {[%clk 0:45:40]} gxf4+ {[%clk 0:38:49]} 51. Qxf4 {[%clk
0:46:26]} 1-0

[Event "DEM U12 2020"]
[Site "Willingen GER"]
[Date "2020.10.27"]
[Round "1"]
[White "Brandstrup, Luca Alexander"]
[Black "Hoppstädter, Daniel"]
[Result "0-1"]
[Termination "normal"]
[Board "15"]
[WhiteElo "1575"]
[BlackElo "1712"]
[WhiteClock "00:19:38"]
[BlackClock "00:34:06"]
[PlyCount "90"]
[WhiteFideId "16244990"]
[BlackFideId "16243625"]
[EventCountry "GER"]
[EventRounds "7"]
[EventType "swiss"]
[EventDate "2020.10.26"]

1. e4 {[%clk 1:30:57]} c5 {[%clk 1:30:59]} 2. Nf3 {[%clk 1:31:20]} d6 {[%clk
1:31:22]} 3. d4 {[%clk 1:31:44]} cxd4 {[%clk 1:31:51]} 4. Nxd4 {[%clk 1:32:06]}
Nf6 {[%clk 1:32:16]} 5. Nc3 {[%clk 1:32:25]} g6 {[%clk 1:32:39]} 6. Be3 {[%clk
1:32:48]} Bg7 {[%clk 1:33:04]} 7. Qd2 {[%clk 1:31:41]} O-O {[%clk 1:31:44]} 8.
f3 {[%clk 1:30:54]} Nc6 {[%clk 1:32:02]} 9. Bc4 {[%clk 1:30:15]} Bd7 {[%clk
1:32:12]} 10. O-O-O {[%clk 1:30:04]} Rc8 {[%clk 1:31:57]} 11. Bb3 {[%clk
1:30:22]} Ne5 {[%clk 1:32:21]} 12. Kb1 {[%clk 1:28:47]} Nc4 {[%clk 1:32:44]}
13. Bxc4 {[%clk 1:29:07]} Rxc4 {[%clk 1:33:12]} 14. g4 {[%clk 1:27:28]} b5
{[%clk 1:32:55]} 15. b3 {[%clk 1:24:48]} Rc8 {[%clk 1:32:02]} 16. Ndxb5 {[%clk
1:23:17]} Qa5 {[%clk 1:31:50]} 17. Nd5 {[%clk 0:59:19]} Qxb5 {[%clk 1:29:15]}
18. Nxe7+ {[%clk 0:59:30]} Kh8 {[%clk 1:29:42]} 19. Nxc8 {[%clk 0:59:39]} Rxc8
{[%clk 1:30:07]} 20. Bxa7 {[%clk 0:55:35]} Bxg4 {[%clk 1:25:52]} 21. Qd3 {[%clk
0:49:32]} Qc6 {[%clk 0:54:08]} 22. fxg4 {[%clk 0:40:30]} Ra8 {[%clk 0:49:08]}
23. Bd4 {[%clk 0:34:48]} Nxe4 {[%clk 0:48:30]} 24. Bxg7+ {[%clk 0:32:46]} Kxg7
{[%clk 0:48:07]} 25. Kb2 {[%clk 0:28:46]} f6 {[%clk 0:44:29]} 26. Rhf1 {[%clk
0:25:02]} Nc3 {[%clk 0:39:25]} 27. Ra1 {[%clk 0:21:22]} Ne4 {[%clk 0:36:14]}
28. Rf4 {[%clk 0:19:10]} d5 {[%clk 0:35:27]} 29. a4 {[%clk 0:18:22]} Qe6 {[%clk
0:31:10]} 30. Qd4 {[%clk 0:17:20]} Qc6 {[%clk 0:25:44]} 31. Rd1 {[%clk
0:16:31]} Rc8 {[%clk 0:25:39]} 32. Qd3 {[%clk 0:15:17]} Qc7 {[%clk 0:23:00]}
33. Rff1 {[%clk 0:10:26]} Qe5+ {[%clk 0:22:05]} 34. Qd4 {[%clk 0:10:16]} Qxh2
{[%clk 0:22:01]} 35. Qxd5 {[%clk 0:10:16]} Rxc2+ {[%clk 0:21:28]} 36. Ka3
{[%clk 0:09:56]} Ra2+ {[%clk 0:21:29]} 37. Kb4 {[%clk 0:10:14]} Qb8+ {[%clk
0:21:01]} 38. Qb5 {[%clk 0:10:09]} Qf8+ {[%clk 0:20:47]} 39. Ka5 {[%clk
0:10:06]} Nd6 {[%clk 0:12:16]} 40. Qd7+ {[%clk 0:09:14]} Nf7 {[%clk 0:12:45]}
41. Rfe1 {[%clk 0:03:44]} Qc5+ {[%clk 0:11:06]} 42. Qb5 {[%clk 0:03:40]} Qc7+
{[%clk 0:05:48]} 43. Ka6 {[%clk 0:03:07]} Rc2 {[%clk 0:03:35]} 44. Re6 {[%clk
0:22:38]} Qc8+ {[%clk 0:33:50]} 45. Ka7 {[%clk 0:19:38]} Rc7+ {[%clk 0:34:06]}
0-1

[Event "DEM U12 2020"]
[Site "Willingen GER"]
[Date "2020.10.27"]
[Round "1"]
[White "Haubold, Christian Lucas"]
[Black "Schwarz, David"]
[Result "1-0"]
[Termination "normal"]
[Board "22"]
[WhiteElo "1615"]
[BlackElo "1200"]
[WhiteClock "00:07:31"]
[BlackClock "00:00:40"]
[PlyCount "77"]
[WhiteFideId "16259629"]
[BlackFideId "16287614"]
[EventCountry "GER"]
[EventRounds "7"]
[EventType "swiss"]
[EventDate "2020.10.26"]

1. e4 {[%clk 1:30:51]} e5 {[%clk 1:30:50]} 2. Nf3 {[%clk 1:31:16]} Nc6 {[%clk
1:31:10]} 3. Bc4 {[%clk 1:31:39]} Bc5 {[%clk 1:31:31]} 4. d3 {[%clk 1:31:55]}
Nf6 {[%clk 1:31:07]} 5. O-O {[%clk 1:31:49]} d6 {[%clk 1:31:00]} 6. c3 {[%clk
1:31:49]} a6 {[%clk 1:31:21]} 7. Bb3 {[%clk 1:31:40]} Ba7 {[%clk 1:28:02]} 8.
Nbd2 {[%clk 1:28:15]} h6 {[%clk 1:24:24]} 9. h3 {[%clk 1:25:02]} Be6 {[%clk
1:22:38]} 10. Re1 {[%clk 1:22:00]} Qd7 {[%clk 1:20:44]} 11. Nf1 {[%clk
1:21:17]} g5 {[%clk 1:15:14]} 12. Ne3 {[%clk 1:12:03]} Ne7 {[%clk 1:05:46]} 13.
Nh2 {[%clk 0:45:38]} O-O-O {[%clk 0:52:11]} 14. Qf3 {[%clk 0:27:35]} Neg8
{[%clk 0:46:54]} 15. Nhf1 {[%clk 0:21:39]} h5 {[%clk 0:31:23]} 16. Ng3 {[%clk
0:18:13]} g4 {[%clk 0:24:58]} 17. Bxe6 {[%clk 0:17:35]} fxe6 {[%clk 0:18:14]}
18. hxg4 {[%clk 0:17:36]} hxg4 {[%clk 0:17:57]} 19. Nxg4 {[%clk 0:17:26]} Nxg4
{[%clk 0:18:04]} 20. Qxg4 {[%clk 0:17:34]} Rf8 {[%clk 0:18:09]} 21. Be3 {[%clk
0:17:11]} Nf6 {[%clk 0:16:47]} 22. Qd1 {[%clk 0:15:19]} Bxe3 {[%clk 0:16:45]}
23. Rxe3 {[%clk 0:15:06]} Qh7 {[%clk 0:08:47]} 24. Rf3 {[%clk 0:13:31]} Qh2+
{[%clk 0:08:05]} 25. Kf1 {[%clk 0:13:47]} Nd7 {[%clk 0:08:01]} 26. Rxf8+ {[%clk
0:11:20]} Rxf8 {[%clk 0:08:21]} 27. Qg4 {[%clk 0:11:22]} c5 {[%clk 0:06:00]}
28. Qh3 {[%clk 0:06:47]} Qxh3 {[%clk 0:04:17]} 29. gxh3 {[%clk 0:07:25]} Rf3
{[%clk 0:02:14]} 30. Ke2 {[%clk 0:07:25]} Rf4 {[%clk 0:02:33]} 31. Rh1 {[%clk
0:06:53]} Rh4 {[%clk 0:01:59]} 32. f3 {[%clk 0:06:24]} Nf8 {[%clk 0:01:25]} 33.
Kf2 {[%clk 0:06:26]} Ng6 {[%clk 0:01:43]} 34. Ne2 {[%clk 0:06:47]} Kd7 {[%clk
0:01:47]} 35. Rg1 {[%clk 0:07:01]} Nf4 {[%clk 0:00:53]} 36. Nxf4 {[%clk
0:07:16]} exf4 {[%clk 0:01:18]} 37. Rg7+ {[%clk 0:07:18]} Kc6 {[%clk 0:01:20]}
38. Kg2 {[%clk 0:07:27]} e5 {[%clk 0:00:40]} 39. Rg4 {[%clk 0:07:31]} 1-0

[Event "DEM U12 2020"]
[Site "Willingen GER"]
[Date "2020.10.27"]
[Round "1"]
[White "Stadelmann, Constantin"]
[Black "Müller, Maximilian"]
[Result "0-1"]
[Termination "normal"]
[Board "23"]
[WhiteElo "1366"]
[BlackElo "1691"]
[WhiteClock "00:40:55"]
[BlackClock "00:19:59"]
[PlyCount "52"]
[WhiteFideId "16297970"]
[BlackFideId "16243552"]
[EventCountry "GER"]
[EventRounds "7"]
[EventType "swiss"]
[EventDate "2020.10.26"]

1. e4 {[%clk 1:30:58]} e6 {[%clk 1:30:56]} 2. c4 {[%clk 1:31:16]} d5 {[%clk
1:23:53]} 3. cxd5 {[%clk 1:31:29]} exd5 {[%clk 1:24:11]} 4. Qb3 {[%clk
1:31:19]} c6 {[%clk 1:17:40]} 5. Nc3 {[%clk 1:29:37]} Nf6 {[%clk 1:09:47]} 6.
e5 {[%clk 1:29:07]} Nfd7 {[%clk 1:08:34]} 7. d4 {[%clk 1:28:45]} f6 {[%clk
0:58:52]} 8. f4 {[%clk 1:25:36]} fxe5 {[%clk 0:58:05]} 9. fxe5 {[%clk 1:25:40]}
Qh4+ {[%clk 0:56:10]} 10. g3 {[%clk 1:22:46]} Qxd4 {[%clk 0:54:10]} 11. Nge2
{[%clk 1:18:47]} Qxe5 {[%clk 0:48:49]} 12. Bf4 {[%clk 1:18:01]} Qf6 {[%clk
0:48:06]} 13. O-O-O {[%clk 1:17:48]} Nc5 {[%clk 0:48:21]} 14. Qc2 {[%clk
1:16:00]} Bf5 {[%clk 0:48:37]} 15. Qd2 {[%clk 1:15:18]} Nd3+ {[%clk 0:48:56]}
16. Kb1 {[%clk 1:15:01]} Nf2+ {[%clk 0:35:06]} 17. Ka1 {[%clk 1:14:51]} Nxh1
{[%clk 0:34:57]} 18. Qe3+ {[%clk 1:13:19]} Be7 {[%clk 0:32:28]} 19. Nd4 {[%clk
1:06:17]} Be4 {[%clk 0:28:53]} 20. Nxe4 {[%clk 1:05:43]} dxe4 {[%clk 0:29:18]}
21. Qxe4 {[%clk 1:05:54]} Nf2 {[%clk 0:29:10]} 22. Qe2 {[%clk 1:00:45]} Nxd1
{[%clk 0:29:21]} 23. Qxd1 {[%clk 0:59:19]} Nd7 {[%clk 0:26:04]} 24. Bc4 {[%clk
0:57:08]} Nb6 {[%clk 0:25:12]} 25. Bb3 {[%clk 0:54:59]} Rd8 {[%clk 0:23:48]}
26. Qe2 {[%clk 0:40:55]} Qxd4 {[%clk 0:19:59]} 0-1